Post-Pleiocene fossils of South-Carolina, (Record no. 24754)

MARC details
000 -LEADER
fixed length control field 00792cam a22002411 4500
001 - CONTROL NUMBER
control field gs 08000328
003 - CONTROL NUMBER IDENTIFIER
control field DLC
005 - DATE AND TIME OF LATEST TRANSACTION
control field 20260227111308.0
008 - FIXED-LENGTH DATA ELEMENTS--GENERAL INFORMATION
fixed length control field 730412s1860 xx 000 0 eng
010 ## - LIBRARY OF CONGRESS CONTROL NUMBER
LC control number gs 08000328
035 ## - SYSTEM CONTROL NUMBER
System control number (OCoLC)602385
040 ## - CATALOGING SOURCE
Original cataloging agency DLC
Transcribing agency OCU
Modifying agency DLC
042 ## - AUTHENTICATION CODE
Authentication code premarc
050 00 - LIBRARY OF CONGRESS CALL NUMBER
Classification number QE741
Item number .H74
100 1# - MAIN ENTRY--PERSONAL NAME
Personal name Holmes, F. S.
Fuller form of name (Francis Simmons),
Dates associated with a name 1815-1882.
245 00 - TITLE STATEMENT
Title Post-Pleiocene fossils of South-Carolina,
Statement of responsibility, etc. by Francis S. Holmes.
260 ## - PUBLICATION, DISTRIBUTION, ETC.
Place of publication, distribution, etc. Charleston, S.C.,
Name of publisher, distributor, etc. Russell & Jones,
Date of publication, distribution, etc. 1860.
300 ## - PHYSICAL DESCRIPTION
Extent xii, v, 122 p.
Other physical details 28 plates.
Dimensions 35 cm.
500 ## - GENERAL NOTE
General note "Description of vertebrate fossils, by Prof. Joseph Leidy": p. [99]-122.
500 ## - GENERAL NOTE
General note Issued in parts, 1858-60.
650 #0 - SUBJECT ADDED ENTRY--TOPICAL TERM
Topical term or geographic name entry element Paleontology
Chronological subdivision Pleistocene.
650 #0 - SUBJECT ADDED ENTRY--TOPICAL TERM
Topical term or geographic name entry element Paleontology
Geographic subdivision South Carolina.

No items available.

Powered by Koha